Normal view MARC view

Entry Meeting Name

Number of records used in: 1

001 - CONTROL NUMBER

  • control field: 22681

003 - CONTROL NUMBER IDENTIFIER

  • control field: OSt

005 - DATE AND TIME OF LATEST TRANSACTION

  • control field: 20211105134658.0

008 - FIXED-LENGTH DATA ELEMENTS

  • fixed length control field: 211105|| aca||aabn | a|a d

040 ## - CATALOGING SOURCE

  • Original cataloging agency: OSt
  • Transcribing agency: OSt

111 ## - HEADING--MEETING NAME

  • Meeting name or jurisdiction name as entry element: Lectures Stellar Atmospheres-Theory and Observations
  • Location of meeting: Belgium
  • Date of meeting or treaty signing: 1996 Sept. 10-19

670 ## - SOURCE DATA FOUND

  • Source citation: Work cat.: (OSt): Lectures Stellar Atmospheres-Theory and Observations Belgium 1996 Sept. 10-19, Stellar atmospheres-theory and observations, 1997

Powered by Koha